|
|
|
|
| LEADER |
00000cam a2200000 7i4500 |
| 001 |
0000008118 |
| 005 |
20160926.0 |
| 020 |
|
|
|a 420000305
|
| 040 |
|
|
|a INS
|
| 090 |
0 |
0 |
|a KD175.P6
|b H47 1975
|
| 100 |
1 |
|
|a Heap, Desmond
|f Sir
|
| 245 |
1 |
4 |
|a The land and the development or the turmoil and the torment
|c Sir Desmond Heap
|
| 260 |
|
|
|a London :
|b Stevans and Sons ,
|c 1975
|
| 300 |
|
|
|a 97p. ;
|c 19 cm.
|
| 440 |
|
|
|a Twenty-seventh series
|
| 650 |
0 |
0 |
|a City planning and development law
|z Great Britain
|x addresses, essays, lectures
|
| 650 |
0 |
0 |
|a Regional planning
|x law and legislation
|z Great Britain
|x addresses, essays, lectures
|
| 999 |
|
|
|a 0000021900
|b BOOK
|c Open Shelf
|e Default branch
|
| 999 |
|
|
|a 0000021901
|b BOOK
|c Open Shelf
|e Default branch
|